Statistiche per I 12 Apostoli

Clicka qui per fare il quiz!

Statistiche generali

  • Questo quiz è stato fatto 2.091 volte
  • Il punteggio medio è 7 su 12

Statistiche sulle risposte

Apostolo% Corretto
Giuda
92%
Giovanni
90%
Pietro
88%
Matteo
81%
Tommaso
58%
Simone il Cananeo
56%
Giacomo
55%
Andrea
50%
Bartolomeo
31%
Filippo
31%
Taddeo
22%
Giacomo il minore
12%

Distribuzione punteggi

Percentile per numero di risposta

Percentuale di utenti per punteggio

I tuoi punteggi nel tempo

Non hai fatto questo quiz